How to marry someone you can live with all your life (Record no. 32958)

MARC details
000 -LEADER
fixed length control field 00295nam a2200109Ia 4500
082 ## - DEWEY DECIMAL CLASSIFICATION NUMBER
Classification number 159.9
Item number GLO
100 ## - MAIN ENTRY--AUTHOR NAME
Personal name Glover, Leland E
245 #0 - TITLE STATEMENT
Title How to marry someone you can live with all your life
260 ## - PUBLICATION, DISTRIBUTION, ETC. (IMPRINT)
Place of publication New delhi
Name of publisher Vikas
Year of publication 1978
942 ## - ADDED ENTRY ELEMENTS (KOHA)
Koha item type Books
Holdings
Withdrawn status Lost status Damaged status Not for loan Home library Current library Date acquired Full call number Accession Number Koha item type
        RRII Library RRII Library 16/12/2021 159.9 GLO 13460 Books